000 00394 a2200169 4500
001 72202
020 _a
040 _cAnchieta - Colégio São Paulo
100 _aLessa, Orígenes
240 1 0 _aO rei, o profeta e o canário
_lpor
245 1 0 _aO rei, o profeta e o canário
300 _a47
362 0 _a1982
440 1 _aModerna
650 4 _aLiteratura infanto-juvenil
942 _cBK
999 _c72202
_d72202